MARC
| LEADER | 00000cam a2200000 7i4500 | ||
|---|---|---|---|
| 001 | 0000009714 | ||
| 002 | 000010579 | ||
| 005 | 20000330.0 | ||
| 020 | |a 9836248439 | ||
| 090 | 0 | 0 | |a 899.23 |b ABU |
| 100 | 0 | |a Abu Hassan Sham | |
| 245 | 1 | 0 | |a Sastera Undang-Undang |
| 999 | |a 054349 |b BUKU |c PINJAMAN |e PERPUSTAKAAN KOMUNITI PETALING JAYA | ||
| 999 | |a 054350 |b BUKU |c PINJAMAN |e PERPUSTAKAAN KOMUNITI PETALING JAYA | ||